Marketing Management. (Record no. 231)

MARC details
005 - DATE AND TIME OF LATEST TRANSACTION
control field 20250618170359.0
082 ## - DEWEY DECIMAL CLASSIFICATION NUMBER
Classification number 658.8 ZOB
100 ## - MAIN ENTRY--PERSONAL NAME
Author name ZOBER, M.
245 ## - TITLE STATEMENT
Title Marketing Management.
260 ## - PUBLICATION, DISTRIBUTION, ETC.
Place of publication, distribution, etc. New York,
Name of publisher, distributor, etc. John Wiley & Sons,
Date of publication, distribution, etc. 1964.
300 ## - PHYSICAL DESCRIPTION
Extent viii, 483p.: ill.; figure, table
Other physical details Index
Dimensions 23cm
942 ## - ADDED ENTRY ELEMENTS (KOHA)
Source of classification or shelving scheme Dewey Decimal Classification
Koha item type Books
Holdings
Date last seen Total checkouts Full call number Barcode Cost, replacement price Price effective from Koha item type Lost status Source of classification or shelving scheme Damaged status Not for loan Withdrawn status Home library Current library Shelving location Date acquired Cost, normal purchase price
03/10/2025   658.8 ZOB 000000749 30000.00 03/10/2025 Books   Dewey Decimal Classification       College of Business Education Main Library College of Business Education Main Library General Collection 03/10/2025 10000.00